| 000 | 00586cam a22001932 4500 | ||
|---|---|---|---|
| 001 | 0000025564 | ||
| 005 | 20151217161206.0 | ||
| 008 | 151104s xx 000 0 eng d | ||
| 020 | _a812391458X: | ||
| 040 |
_aKABU _cKABU |
||
| 245 | 1 | 0 | _aColour atlas of human anatomy. |
| 260 |
_aNew Delhi : _bCBS publishers & distributors, _c2007. |
||
| 300 |
_a558 p. : _bill. |
||
| 650 | 0 |
_aHuman anatomy _xAtlases. |
|
| 650 | 0 |
_aAnatomy _xAtlasses. |
|
| 908 | _a151104 | ||
| 999 |
_c15317 _d15317 |
||